00293 a2200097 4500001001000000005001700010008004100027245005600068100002400124773004700148ART_5890320260410162051.0260409a 10aSe intensifican los controles fiscales sistémicos1 aSantacruz, Lidia M.0 tImpuestosg- N° 151 (jul. 2023)wREV45175